Scientific theories of well-being; Научная инициатива иностранных студентов и аспирантов российских вузов

Bibliografiske detaljer
Parent link:Научная инициатива иностранных студентов и аспирантов российских вузов.— 2019.— [С. 257-262]
Hovedforfatter: Sadovskaya A. A. Anna Aleksandrovna
Institution som forfatter: Национальный исследовательский Томский политехнический университет Школа базовой инженерной подготовки Отделение социально-гуманитарных наук
Andre forfattere: Loyko O. T. Olga Timofeevna (научный руководитель)
Summary:Заглавие с экрана
Sprog:engelsk
Udgivet: 2019
Serier:Актуальные проблемы социально-гуманитарных наук
Fag:
Online adgang:http://earchive.tpu.ru/handle/11683/56586
Format: MixedMaterials Electronisk Book Chapter
KOHA link:https://koha.lib.tpu.ru/cgi-bin/koha/opac-detail.pl?biblionumber=630288

MARC

LEADER 00000naa2a2200000 4500
001 630288
005 20231101133614.0
035 |a (RuTPU)RU\TPU\conf\31254 
035 |a RU\TPU\conf\31230 
090 |a 630288 
100 |a 20191025d2019 k y0rusy50 ba 
101 0 |a eng 
102 |a RU 
105 |a y z 101zy 
135 |a drgn ---uucaa 
181 0 |a i  
182 0 |a b 
200 1 |a Scientific theories of well-being  |f A. A. Sadovskaya  |g sci. adv. O. T. Loyko 
203 |a Текст  |c электронный 
225 1 |a Актуальные проблемы социально-гуманитарных наук 
230 |a 1 компьютерный файл (pdf; 304 Kb) 
300 |a Заглавие с экрана 
320 |a [Библиогр.: с. 262 (12 назв.)] 
463 0 |0 (RuTPU)RU\TPU\conf\30816  |t Научная инициатива иностранных студентов и аспирантов российских вузов  |o сборник докладов IX Всероссийской научно-практической конференции, Томск, 24-26 апреля 2019 г.  |f Национальный исследовательский Томский политехнический университет (ТПУ)  |v [С. 257-262]  |d 2019 
610 1 |a электронный ресурс 
610 1 |a труды учёных ТПУ 
610 1 |a научные теории 
610 1 |a благополучие 
610 1 |a социальное благополучие 
610 1 |a благосостояние 
700 1 |a Sadovskaya  |b A. A.  |c Linguist, translator  |c Eexpert of Tomsk Polytechnic University  |f 1987-  |g Anna Aleksandrovna  |2 stltpush  |3 (RuTPU)RU\TPU\pers\44858 
702 1 |a Loyko  |b O. T.  |c specialist in the field of cultural studies and social communication  |c Professor of Tomsk Polytechnic University, Doctor of philosophical sciences  |f 1949-  |g Olga Timofeevna  |2 stltpush  |4 727 
712 0 2 |a Национальный исследовательский Томский политехнический университет  |b Школа базовой инженерной подготовки  |b Отделение социально-гуманитарных наук  |h 8033  |2 stltpush  |3 (RuTPU)RU\TPU\col\23512 
801 2 |a RU  |b 63413507  |c 20191028  |g RCR 
856 4 |u http://earchive.tpu.ru/handle/11683/56586 
942 |c BK